Numerical Linear algebra with applications using MATLAB

Đã lưu trong:
Chi tiết về thư mục
Tác giả chính: Ford, William (Tác giả)
Định dạng: Sách
Ngôn ngữ:Tiếng Anh
Được phát hành: Amsterdam Elsevier 2015
Phiên bản:1a. ed
Những chủ đề:
Các nhãn: Thêm thẻ
Không có thẻ, Là người đầu tiên thẻ bản ghi này!

MARC

LEADER 00000cam a2200000 a 4500
001 UCD4828
003 CL-VaPUC
008 160722e20150000ne |||||||||||||||||eng|d
020 |a 9780123944351 
082 0 4 |a 512.5  |b FOR  |2 21 
100 0 |a Ford, William  |e author  |9 588551 
245 1 0 |a Numerical Linear algebra with applications using MATLAB 
250 |a 1a. ed 
300 |a 602 p 
942 |c BK 
945 |d 20160722 23:21:00  |a dcastane 
260 |a Amsterdam  |b Elsevier  |c 2015 
650 0 |a Álgebra lineal   |9 260445 
650 0 |a Matrices   |9 22 
650 7 |a MATRICES ALGEBRAICAS  |2 CL-VaPUC  |9 389788 
650 0 |a Vectores  |9 317184 
650 0 |a Espacios vectoriales   |9 21 
583 |a last modification  |c 20160722 23:21:00  |k Rodrigo Vera 
999 |c 365657  |d 365655 
952 |0 0  |1 0  |3 erd  |4 0  |6 512_500000000000000_FOR_2015  |7 0  |8 A  |9 479560  |a BIBMAT  |b BIBMAT  |i 5299136  |l 1  |o 512.5 FOR 2015  |p 5299136  |r 2025-03-24  |s 2025-03-24  |w 2019-11-24  |y BK  |z Catalogado en:20160722  |k MAT